Statistics for Final Fantasy II

Click here to take the quiz!

General Stats

  • This quiz has been taken 90 times
    (88 since last reset)
  • The average score is 23 of 38

Answer Stats

HintAnswer% Correct
Who is the villain?Emperor Palamecia
92%
Who is the main character?Firion
90%
Who is his best friend?Guy
90%
Who is his other best friend?Maria
90%
Who is the brother of ^?Leon
86%
Who owns the airship?Cid
83%
What powerful White Mage joins you?Minwu
79%
What is the most powerful spell in the game?Ultima
79%
How many different types of weaponry can be mastered?8
76%
Weapons forged from which metal will give the rebels an edge?Mythril
76%
Which nation seeks world domination?Palamecia
75%
Who is the last living Dragoon?Ricard Highwind
75%
What year was Final Fantasy II released?1988
73%
What traditional animal is first introduced in this game?Chocobo
71%
Who saves you from a giant boulder?Josef
70%
What is the rebel army's password?Wild Rose
68%
Who composed the music for Final Fantasy II?Nobuo Uematsu
67%
What force of nature does the villain use to level almost every city?Cyclone
57%
Who leads the rebels in place of the king?Princess Hilda
57%
What does Scott give you right before he dies?A Ring
56%
What is the Empire's flying secret weapon called?Dreadnought
56%
Who is Scott's cowardly brother?Gordon
56%
What pirate captain joins you after trying to kill you?Leila
56%
What traditional monster do you fight in the villain's arena?Behemoth
52%
Which mysterious Imperial officer has a familiar voice?Dark Knight
52%
What platform was Final Fantasy II originally released on?Famicom
52%
What nation do the main characters call home?Fynn
52%
Which is the city of mages?Mysidia
51%
What is the name of the final dungeon?Pandemonium
51%
What creatures obey only Dragoons?Wyverns
51%
What monster disgueses itself and tries to seduce the main character?Queen Lamia
48%
What is the only substance that can destroy ^?Sunfire
43%
What friendly thief/ninja helps you?Pavel
35%
What item opens Kashuan Keep?Goddess Bell
33%
What famous Tchaikovsky song plays during ^?Swan Lake
33%
Who betrayed the rebels?Count Borghen
32%
Where is ^ located?Mysidian Tower
29%
What creature guards the entrance to ^?Leviathan
27%

Score Distribution

Percentile by Number Answered

Percent of People with Each Score

Your Score History

You have not taken this quiz since the last reset